Ч. 3 : К - М; Тезаурус по атомной науке и технике
| Parent link: | Тезаурус по атомной науке и технике: лексико-семантический указатель/ под ред. В. Ф. Семенова. Ч. 3 : К - М.— , 1975 |
|---|---|
| Özet: | Исключено из фонда НТБ ТПУ |
| Dil: | Rusça |
| Baskı/Yayın Bilgisi: |
1975
|
| Materyal Türü: | Kitap |
| KOHA link: | https://koha.lib.tpu.ru/cgi-bin/koha/opac-detail.pl?biblionumber=88563 |
MARC
| LEADER | 00000nam0a2200000 4500 | ||
|---|---|---|---|
| 001 | 88563 | ||
| 005 | 20231031102700.0 | ||
| 035 | |a (RuTPU)RU\TPU\book\95047 | ||
| 090 | |a 88563 | ||
| 100 | |a 20051227d1975 k y0rusy50 ca | ||
| 101 | 0 | |a rus | |
| 102 | |a RU | ||
| 105 | |a y e 000zy | ||
| 200 | 0 | |a Ч. 3 : К - М | |
| 210 | |d 1975 | ||
| 215 | |a С. 253 - 374 | ||
| 333 | |a Исключено из фонда НТБ ТПУ | ||
| 461 | |t Тезаурус по атомной науке и технике |o лексико-семантический указатель |f под ред. В. Ф. Семенова |v Ч. 3 : К - М |d 1975 | ||
| 801 | 1 | |a RU |b 63413507 |c 20051227 |g PSBO | |
| 801 | 2 | |a RU |b 63413507 |c 20201203 |g PSBO | |
| 942 | |c BK | ||